Ajanta / (Record no. 19515)

MARC details
000 -LEADER
fixed length control field 00951nam a22002537a 4500
008 - FIXED-LENGTH DATA ELEMENTS--GENERAL INFORMATION
fixed length control field 081205t xxu||||| |||| 00| 0 eng d
010 ## - LCCN (DPL NO)
LC control number ENG-92018
020 ## - INTERNATIONAL STANDARD BOOK NUMBER
International Standard Book Number 9780195697858
Terms of availability 395.00
020 ## - INTERNATIONAL STANDARD BOOK NUMBER
International Standard Book Number 0195697855
Terms of availability 395.00
035 ## - SYSTEM CONTROL NUMBER
System control number EN-75551
037 ## - SOURCE OF ACQUISITION
Source of stock number/acquisition DBAD / PUB
040 ## - CATALOGING SOURCE
Original cataloging agency dpl
Language of cataloging English
082 ## - DEWEY DECIMAL CLASSIFICATION NUMBER
Classification number 709.34
100 ## - MAIN ENTRY--PERSONAL NAME
Personal name Jamkhedkar, Arvind P.
245 ## - TITLE STATEMENT
Title Ajanta /
Statement of responsibility, etc by Arvind P. Jamkhedkar
260 ## - PUBLICATION, DISTRIBUTION, ETC. (IMPRINT)
Place of publication, distribution, etc New Delhi
Name of publisher, distributor, etc Oxford University Press
Date of publication, distribution, etc 2009
270 ## - ADDRESS
Address YMCA Library Building, Jai Singh Road,
City New Delhi
Postal code 110001
300 ## - PHYSICAL DESCRIPTION
Extent xiv, 99p.:
Dimensions 22cm (Hb)
Other physical details ill.; b&w photos
490 ## - SERIES STATEMENT
Series statement Monumental legacy series
500 ## - GENERAL NOTE
General note Includes glossary
650 ## - SUBJECT ADDED ENTRY--TOPICAL TERM
Topical term or geographic name as entry element Art, Indic
Geographic subdivision India
-- Ajanta Caves.
942 ## - ADDED ENTRY ELEMENTS (KOHA)
Source of classification or shelving scheme Dewey Decimal Classification
Item type English Books
Call number suffix JAM
Classification part 709.34
Holdings
Withdrawn status Lost status Source of classification or shelving scheme Damaged status Not for loan Collection code Home library Current library Date acquired Source of acquisition Cost, normal purchase price Total Checkouts Full call number Barcode Date last seen Copy number Cost, replacement price Koha item type
    Dewey Decimal Classification   Not For Loan Non-fiction D.B.Act.Division D.B.Act.Division 05/12/2008 DBAD / PUB 395.00   709.34 JAM EN-75551 05/12/2008 1 395.00 English Books

© Delhi Public Library
Hit Counter
free hit counter